La configuración histórica de las élites de Honduras ante el golpe de Estado del 2009 /
En este artículo se examina la configuración histórica de las élites hondureñas en el contexto del golpe de Estado de 2009. Se argumenta que las élites hondureñas han sido históricamente heterogéneas y que el golpe de Estado fue resultado de tensiones entre las élites políticas y económicas del país...
Shranjeno v:
| Glavni avtor: | |
|---|---|
| Format: | Knjiga |
| Jezik: | Spanish |
| Teme: | |
| Oznake: |
Označite
Brez oznak, prvi označite!
|
MARC
| LEADER | 00000nam a22000007a 4500 | ||
|---|---|---|---|
| 003 | cru IIS | ||
| 005 | 20230516195535.0 | ||
| 007 | ta | ||
| 008 | 220816t2019 cr |||p|r|||| 00| 0 spa d | ||
| 040 | |c cru IIS | ||
| 100 | 1 | |9 7727 |a Euraque, Darío A. |e Autor | |
| 245 | 1 | 4 | |a La configuración histórica de las élites de Honduras ante el golpe de Estado del 2009 / |c Dario Euraque |
| 300 | |a páginas 19-48 : |b tablas | ||
| 500 | |a Colección Centroamérica | ||
| 520 | |a En este artículo se examina la configuración histórica de las élites hondureñas en el contexto del golpe de Estado de 2009. Se argumenta que las élites hondureñas han sido históricamente heterogéneas y que el golpe de Estado fue resultado de tensiones entre las élites políticas y económicas del país. Además, se destaca la importancia de entender las dinámicas históricas de las élites en la comprensión del presente político de Honduras.RAR 31-01-23 | ||
| 650 | 0 | |2 OCDE |9 130 |a GOLPES DE ESTADO | |
| 650 | 0 | |2 OCDE |9 3066 |a ASPECTOS POLITICOS | |
| 650 | 0 | |2 UNESCO |9 3694 |a HISTORIA POLITICA | |
| 650 | 0 | |2 UNESCO |9 4431 |a CAMBIO POLITICO | |
| 651 | 4 | |2 OCDE |9 2652 |a HONDURAS | |
| 773 | 0 | |0 18765 |9 7630 |a Universidad de Costa Rica. |d San José, Costa Rica: Editorial Universidad de Costa Rica, 1974- |o 23639 |t Anuario de Estudios Centroamericanos / |x 03777316 | |
| 942 | |2 ddc |c PP | ||
| 999 | |c 44496 |d 44496 | ||
